00000000nam 2200000zi 4500
0019.931902
003CaOODSP
00520241121151229
006m     o  d f      
007cr |n|||||||||
008231229e199104##qucab   ob   f|0| 0 fre d
040 |aCaOODSP|bfre|erda|cCaOODSP
043 |an-cn-qu
0861 |aCW66-1454/1991F-PDF
1001 |aLalumière, Richard, |d 1953- |eauteur.
24510|aEssais de transplantation de zostère marine à l'Isle-Verte, Québec (1990) / |cpar Richard Lalumière.
264 1|a[Sainte-Foy, Québec] : |bEnvironnement Canada, Service canadien de la faune = Environment Canada, Canadian Wildlife Service, |cavril 1991.
300 |a1 ressource en ligne (v, 42, 5 pages) : |bcarte, illustrations
336 |atexte|btxt|2rdacontent/fre
337 |ainformatique|bc|2rdamedia/fre
338 |aressource en ligne|bcr|2rdacarrier/fre
500 |aÉdition numérisée de l’imprimé [par Environnement et changement climatique Canada].
504 |aComprend des références bibliographiques (page 42).
650 6|aZostères|xTransplantation|zQuébec (Province)|zL'Isle-Verte.
650 0|aEelgrass|xTransplanting|zQuébec (Province)|zL'Isle-Verte.
7101 |aCanada. |bEnvironnement Canada, |eorganisme de publication.
7102 |aService canadien de la faune, |eorganisme de publication.
85640|qPDF|s554 Ko|uhttps://publications.gc.ca/collections/collection_2024/eccc/cw66/CW66-1454-1991-fra.pdf